| 000 | 00682nam a2200181 a 4500 | ||
|---|---|---|---|
| 005 | 20140412111237.0 | ||
| 008 | 010604s19uu xx 00 eng d | ||
| 020 | _a0-945564-78-3 | ||
| 050 |
_aM 226.09 _bT365 1993 |
||
| 100 | _aThomas, Mack | ||
| 245 |
_aFrom God with love / : _bhelping children understand the Gospel through the colors of Christmas / _cby Mack Thomas; illustrations by Stephanie Britt. |
||
| 260 |
_a[s.l.] : _bGold 'n' Honey Books, _c1993. |
||
| 300 | _a1v. (unp.) ; ill. | ||
| 520 | _aIn the Bible you can find the Christmas story in Luke 2:1-20 and in Matthew 1:18-2:13 | ||
| 650 | _aChristmas-Stories | ||
| 650 | _aBible stories, N. T. | ||
| 999 |
_c102497 _d102497 |
||